Statistiques concernant Régions géographiques de France n°1 - Carte Quiz

Cliquez ici pour prendre le quiz!

Statistiques générales

  • Ce quiz a été pris 14 410 fois
  • Le résultat moyen est 7 sur 20

Réponses sur la Carte

Les réponses sont colorées sur une échelle allant du rouge au vert en fonction du pourcentage des utilisateurs qui les ont devinées à leur premier essai. Vous pouvez retrouver ces pourcentages ci-dessous.
 

Statistiques - réponses

Réponse% Correct
Cotentin
66%
Roussillon
62%
Médoc
50%
Artois
47%
Béarn
46%
Beaujolais
44%
Cévennes
43%
Vercors
38%
Brie
34%
Beauce
33%
Luberon
33%
Pays de Retz
30%
Sologne
30%
Aubrac
29%
Morvan
29%
Plateau de Millevaches
27%
Plateau de Langres
23%
Vexin
22%
Quercy
21%
Aunis
20%

Distribution des résultats

Percentile par nombre de réponses

% des personnes avec chaque résultat

Votre développement - résultats

Vous n’avez pas pris ce quiz